00710 a2200169 45000010006000000050017000060080041000230030015000640400040000790800036001192450072001552640034002273000019002615050234002800410008005141000018005225964620260407155850.0260407a1959 arg spa dAR-UNSa-BCEJYS aAR-UNSa-BCEJYSbspacAR-UNSa-BCEJYS a330.322.12xInversión privada10aInversiones privadaspLlave del desarrollo industrial internacional 1aBuenos Aires :bÁgorac1959 a280 p.c20 cm. a1. El gran potencial de la humanidad - 2. El capital es crucial - 3. Hombres y mercados - 4. Un mundo en nuestras manos - 5. El gobierno como socio - 6. Los hombres y los medios - 7. El desafío al futuro - 8. La obra del futuro aspa1 aDaniel, James